MDQL
is popping MORE tags! Check the
thread
!
Quizzes
Events
Quiz Creation
Community
Videos
Private Events
Remove Ads
Sign In
Join for FREE
Feedback
Dark Mode
Quiz Categories
Sports
Geography
Music
Movies
Television
Just For Fun
Miscellaneous
History
Literature
Language
Science
Gaming
Entertainment
Religion
Holiday
For Kids
Quiz Lab
Recent
Popular Today
Quiz Kudos Today
Editor Picks
Curator Picks
Quizzes by...
Day
Popularity
Type
Ratings
Length
Year
Community
Subscriptions
Recent Discussions
Orange Saloon
Badges
Playlists
Quests
Create
Leaderboards
Showdown
Live 5
Trivia Bingo
Activity
Puzzle Library
Sporcle Events
Private Events
Virtual Trivia
Globe League
Become a Host
Pub Owners
SporcleCon
Opinionation
Our Games
Videos
Blog
Mobile Apps
Partnerships
Remove Ads and Go Orange
Feedback
Music
Pop Music
The Beatles
Song
Album
Lyrics
Bands
Singers
Artist
Clip
Rock
Rap
Classical
Billboard
Country Music
Kpop
Taylor Swift
Music
Pop Music
The Beatles
Song
Album
Lyrics
Bands
Singers
Artist
Clip
Rock
Rap
Classical
Billboard
Country Music
Kpop
Taylor Swift
Random Quiz
Search Sporcle
×
Quiz Lab
Quiz Lab
Music
Bands
Type in answers that appear in a list
Type in answers that appear in a list
Classic
Best Score? Go Orange.
No Knife Songs Stats
Can you name all the songs by the band No Knife?
By
KennedyClan008
10m
44 Questions
1 Play
1 Plays
1 Plays
Comments
Comments
Give Quiz Kudos
Give Quiz Kudos
-
- Ratings
hide this ad
Replay
Link that replays current quiz
Next Quiz
Link to next quiz in quiz playlist
You Got
0%
They Got
Avg Score
75%
Avg Friend Score
Upgrade to see
Score Distribution
Jump to the score distribution portion of the page
Score
0/44
Timer
10:00
0
Plays Today
% Correct
Be Mini
100%
Ginger Vitus
100%
Habits
100%
At The Heart Of The Terminal
100%
Kiss Your Killer
100%
Ephedrine
100%
...If I Could Float...
100%
Daniels
100%
Your Albatross
100%
Charades
100%
Hit Man Dreams
100%
Lex Hit Reset
100%
Academy Flight Song
100%
Minus One
100%
Secret Handshake
100%
Heavy Weather
100%
K-214
100%
The Spy
100%
Charming
100%
Angel Bomb
100%
Short Term Memory
100%
Under The Moon
100%
% Correct
Mission Control
100%
If It Moves Kiss It
100%
Riot For Romance!
100%
Permanent For Now
100%
Swinging Lovers
100%
Feathers And Furs
100%
The Red Bedroom
100%
Brush Off
100%
May I Call You Doll
100%
Flechette
100%
This Moonlife
100%
Punch 'n' Judy
0%
Small Of My Back
0%
Titanic
0%
Jackboots
0%
Testing The Model
0%
Median
0%
Rebuilding Jericho
0%
Bad Landing
0%
Roped In - Lock On
0%
Sweep Away My Shadow
0%
Parting Shot
0%
Quiz Playlist
Details
Report
Send in Message
Add To Playlist
Classic:
Type in answers that appear in a list
Last Updated: Feb 16, 2017
Quiz Scoreboard
CHALLENGE
Sign Up to Join the Scoreboard
Show All
Scores
Hide
Comments
May contain spoilers
Recently Published
1-10 Letter E Words III
by El_Dandy
Language
2m
Street Fighter Characters
by Artimus82
Gaming
60s
College Basketball Coaching Resumes
by pancakes188
Sports
9m
More to Explore
Quiz From the Vault
Featured Blog Post
Where Did the Easter Bunny Come From?
hide this ad
You Might Also Like...
Tags
Bands Quiz
1990s
2000s
knife
No
Pop Rock
Song List
Today's Top Quizzes in Music
Browse Music
hide this ad
Today's Top Quizzes in Bands
Browse Bands
Top Contributed Quizzes in Music
1
Taylor Swift All Songs (2024)
2
Taylor Swift Logic Puzzle
3
Guess the Artist- 70s Songs
4
7-to-1: Billboard Hot 100 #1 Hits of 2010s
5
Sorting Albums and Songs
6
KPOP LOGIC QUIZ
7
Billboard Blitz: Aretha Franklin
8
Guess the Taylor Swift song (Mystery Song)
9
Guess The Taylor Swift Lyrics Song #1
10
Billboard Blitz: ABBA
Explore More
Trending Topics
Harry Potter
Marvel
Disney
Kpop
NBA
Crossword
Anime
Soccer
Country
Song
NFL
Pokémon
The Office
Puzzle
WWE
hide this ad
More By:
KennedyClan008
Quiz
Plays
Rating
Category
Featured
Created
Borderlands 2 Pearlescents by Flavor Text
2,589
2.33
Gaming
Mar 12, 2014
Borderlands 2 Legendaries by Flavor Text
1,879
3.00
Gaming
Jan 25, 2014
(The Ironic) Most Peaceful Countries Minefield
277
3.67
Geography
Dec 6, 2014
'This is a Call' Lyrics
259
3.00
Music
Mar 2, 2014
HIVEMIND Bracket Winners
188
5.00
Entertainment
Aug 17, 2023
Go to Creator's Profile
Score Distribution
Quiz Creator Spotlight
KennedyClan008
Follow
Send a Message
Quizzes Created
-
Created Quiz Play Count
-
More By This Creator
Popular Quizzes Today
1
Find the US States - No Outlines Minefield
2
Find the Countries of Europe - No Outlines Minefield
3
The Countries of the World
4
Find the US States
5
Risky Map Clicking: Biggest States A-Z
6
US States
7
Popular People in 1961
8
Movies - When Are They Set?
More Music Quizzes
Disney Song Lyrics 13
Quiz Lab
Trending Quizzes
Risky Map Clicking: Least Populous States A-Z
1-10 Letter G Words
USA Borders Longest to Shortest
1-10 Letter F Words
Countries of the World: 200 Million BC
Recently Updated
Leaping Animals
pecheneg
Reality TV Shows (A-Z)
bhenderson79
Rickey Henderson's Hall of Fame Teammates
pecheneg
Champions League XIs: Arsenal
pecheneg
Quick Pick: Celebrities in WWE's Hall of Fame
aduchscher
A-Z Keypad Blitz II
pecheneg
Multiple Oscar Actors
pecheneg
Mystery Phrase Blitz: Oscar 'Best Actors'
pecheneg
F. Scott Fitzgerald Novels
LTH
Pick 3 Villains
ddd62291
Trending Topics
NBA
Kpop
Disney
Harry Potter
Marvel
Crossword
Anime
Soccer
NFL
The Office
Country
WWE
Pokémon
Song
Puzzle
Your Account Isn't Verified!
In order to create a playlist on Sporcle, you need to verify the email address you used during registration. Go to your
Sporcle Settings
to finish the process.
Report this User
Report this user for behavior that violates our
Community Guidelines
.
Details:
Send Report
Go to the Sporcle.com Mobile Site →
Comments